00792nam a2200229 i 450000100060000000300090000600500170001500700030003200800410003508000280007608000080010410000250011224501240013725000330026126000310029430000220032549000440034760000660039165000280045783000440048585200330052913938ES-MaACL20250831023854.0t|980818r19721955fr ||||1| fre d a1 Agustín, Santo : 32 a3221 aArquillière, H.-X.12aL'Augustinisme politique b: essai sur la formation des théories politiques du moyen-age / cpar H.-X. Arquillière. a2e ed. rev. et augm, 2e tir. aParis : bJ. Vrin, c1972. a206 p. ; c25 cm.1 aL'Eglise et l'état au moyen-age ; v204aAgustín cSanto, Obispo de Hipona-xPensamiento político.17aIglesia y Estado2embne0 aL'Eglise et l'état au moyen-age ; v2 aES-MaACLjL-21186 bR.115756